Представление документа в формате MARC21

Поле Инд. ПП Название Значение
Тип записи a
Библиографический уровень b
001 Контрольный номер f0e342cd7f454a949701dc7ec584d2fe
005 Дата корректировки 20260218143903.4
008 Кодируемые данные 20170331
040 b Код языка каталог. rus
e Правила каталог. PSBO
041 0_ a Код языка текста rus
084 a Индекс другой классификации/Индекс ББК 67.404.213.4(2Рос); 67.401.11(2Рос)
100 1_ a Автор Григорян Т. Р.
245 10 a Заглавие Правовая характеристика и сущность государственного контракта
520 0_ a Аннотация Статья посвящена изучению правовой природы государственного контракта. Автор изучает соотношение государственного контракта с административными и гражданско-правовыми договорами. Автор выделяет государственный контракт как отдельный вид договора наряду с публичным договором и договором присоединения
650 14 a Основная рубрика право; гражданское право; договорное право; обязательственное право; административное право
653 0_ a Ключевые слова административные договоры
a Ключевые слова государственное управление
a Ключевые слова государственные закупки
a Ключевые слова государственные контракты
a Ключевые слова гражданско-правовые договоры
a Ключевые слова договор присоединения
a Ключевые слова договорные отношения
a Ключевые слова закупки
a Ключевые слова правовое регулирование
a Ключевые слова публичный договор
a Ключевые слова Россия
a Ключевые слова управление в сфере хозяйственной деятельности
773 08 t Заглавие источника Российская юстиция
d Дата издания источника 2020
g Прочая информация № 3. - С. 11 - 15
w Контрольный № источника e7466aa06b2540358281e2135db0f8ff
901 t Тип документа b